栃木県の市町村 (2000年) - Statistics

General Stats
  • This quiz has been taken 59 times
    44 since last reset
  • The average score is 37 of 49
Answers on the Map
Answers color-coded by a green-red scale on the quiz's map according to % correct below.
 
Answer Stats
ヒント 市町村名 % Correct
宇都宮市うつのみやし
100%
日光市にっこうし
100%
小山市おやまし
100%
那須郡 那須町なすまち
100%
足利市あしかがし
96%
栃木市とちぎし
96%
佐野市さのし
96%
鹿沼市かぬまし
96%
大田原市おおたわらし
96%
黒磯市くろいそし
96%
芳賀郡 芳賀町はがまち
96%
今市市いまいちし
93%
矢板市やいたし
93%
下都賀郡 野木町のぎまち
93%
塩谷郡 塩谷町しおやまち
93%
真岡市もおかし
89%
河内郡 上三川町かみのかわまち
89%
芳賀郡 茂木町もてぎまち
89%
下都賀郡 壬生町みぶまち
86%
塩谷郡 藤原町ふじはらまち
86%
塩谷郡 高根沢町たかねざわまち
86%
那須郡 烏山町からすやままち
86%
塩谷郡 氏家町うじいえまち
82%
那須郡 西那須野町にしなすのまち
82%
那須郡 塩原町しおばらまち
82%
上都賀郡 足尾町あしおまち
79%
芳賀郡 益子町ましこまち
79%
芳賀郡 市貝町いちかいまち
79%
下都賀郡 石橋町いしばしまち
79%
下都賀郡 都賀町つがまち
75%
河内郡 河内町かわちまち
71%
下都賀郡 大平町おおひらまち
71%
河内郡 上河内町かみかわちまち
68%
下都賀郡 藤岡町ふじおかまち
64%
塩谷郡 栗山村くりやまむら
64%
安蘇郡 田沼町たぬままち
64%
安蘇郡 葛生町くずうまち
64%
下都賀郡 国分寺町こくぶんじまち
61%
塩谷郡 喜連川町きつれがわまち
61%
下都賀郡 岩舟町いわふねまち
54%
那須郡 馬頭町ばとうまち
54%
那須郡 黒羽町くろばねまち
54%
芳賀郡 二宮町にのみやまち
46%
那須郡 小川町おがわまち
46%
河内郡 南河内町みなみかわちまち
43%
上都賀郡 西方町にしかたまち
43%
那須郡 南那須町みなみなすまち
43%
上都賀郡 粟野町あわのまち
36%
那須郡 湯津上村ゆづかみむら
32%
No matching quizzes found
Score Distribution
Percent of People with Each Score
Percentile by Number Answered
Your Score History
You have not taken this quiz since the last reset